banner-ar

شرح قانون ضريبة الاستهلاك / (Record no. 28012)

MARC details
000 -الفاتح
حقل البيانات ثابتة الطول 00632nam a2200205Ia 4500
008 - عناصر البيانات ثابتة الطول - معلومات عامة
حقل البيانات ثابتة الطول 140319s9999 xx 000 0 ara d
040 ## - مصدر الفهرسة
وكالة الفهرسة الأصلية GCL /
وكالة النسخ GCL
082 04 - رقم تصنيف ديوى العشرى
رقم التصنيف 350.7247
رقم المادة ع ش
100 1# - المدخل الرئيسى - إسم شخصى
الإسم الشخصى عبدالفتاح مراد
245 10 - بيان العنوان
العنوان شرح قانون ضريبة الاستهلاك /
بيان المسئوليه,etc عبدالفتاح مراد
260 ## - PUBLICATION, DISTRIBUTION, ETC. (IMPRINT)
تاريخ النشر أو التوزيع 1990
300 ## - الوصف المادى
التعداد 403 ص
490 ## - بيان السلسلة
عنوان السلسلة
650 04 - المدخل الاضافى بالموضوع-مصطلح موضوعى
مصطلح موضوعي القانون
650 04 - المدخل الاضافى بالموضوع-مصطلح موضوعى
مصطلح موضوعي الضرائب
650 04 - المدخل الاضافى بالموضوع-مصطلح موضوعى
مصطلح موضوعي قانون الضرائب
650 04 - المدخل الاضافى بالموضوع-مصطلح موضوعى
مصطلح موضوعي ضرائب الدخل
942 ## - عناصر المدخل الإضافي( كوها)
مصدر التصنيف او مخطط الترفيف Dewey Decimal Classification
Koha [default] item type كتاب
100 1# - المدخل الرئيسى - إسم شخصى
-- Reviewer
--
-- …راجع
260 ## - PUBLICATION, DISTRIBUTION, ETC. (IMPRINT)
-- [S.N] :
-- دار الفكر الجامعى ،
Holdings
حالة التراجع حالة الفقد حالة تلف ليس للاعارة المكان المؤقت الموقع الحالى تاريخ الاكتساب اجمالي اﻻعارات رقم الطلب الباركود تاريخ اخر مشاهدة تاريخ تفعيل السعر نوع وعاء كوها
        مكتبة القاهرة الكبرى مكتبة القاهرة الكبرى 03/26/2014   350.7247\ع ش 63942 03/26/2014 03/26/2014 كتاب

Powered By

EGPV